书目信息 |
| 题名: |
马铃薯主食加工技术知多少
|
|
| 作者: | 木泰华 , 张苗 , 何海龙 编著 | |
| 分册: | ||
| 出版信息: | 北京 科学出版社 2016.06 |
|
| 页数: | 118页 | |
| 开本: | 21cm | |
| 丛书名: | 薯类加工科普系列丛书 | |
| 单 册: | ||
| 中图分类: | TS235.2 | |
| 科图分类: | ||
| 主题词: | 马铃薯--薯类淀粉--食品加工 | |
| 电子资源: | ||
| ISBN: | 978-7-03-048505-2 | |
| 000 | 01108oam2 2200265 450 | |
| 001 | 4599 | |
| 005 | 20181012140103.96 | |
| 010 | @a978-7-03-048505-2@dCNY58.00 | |
| 100 | @a20160826d2016 em y0chiy50 ea | |
| 101 | 0 | @achi |
| 102 | @aCN@b110000 | |
| 105 | @aa z 000yy | |
| 200 | 1 | @a马铃薯主食加工技术知多少@9ma ling shu zhu shi jia gong ji shu zhi duo shao@f木泰华,张苗,何海龙编著 |
| 210 | @a北京@c科学出版社@d2016.06 | |
| 215 | @a118页@c图,照片@d21cm | |
| 225 | 2 | @a薯类加工科普系列丛书 |
| 330 | @a本书对马铃薯主食加工基本原料、马铃薯馒头加工技术、马铃薯面包加工技术、马铃薯面条加工技术、马铃薯米粉加工技术、马铃薯主食“新吃法”、地方特色马铃薯美食及马铃薯主食“未来新概念”进行了详细介绍,为改善我国居民膳食营养提供了新途径,对于促进马铃薯消费具有重要推动作用。 | |
| 461 | 0 | @12001 @a薯类加工科普系列丛书 |
| 606 | 0 | @a马铃薯@x薯类淀粉@x食品加工 |
| 690 | @aTS235.2@v5 | |
| 701 | 0 | @a木泰华@9mu tai hua@f(1964-)@4编著 |
| 701 | 0 | @a张苗@9zhang miao@c(女,@f1984-)@4编著 |
| 701 | 0 | @a何海龙@9he hai long@f(1971.5-)@4编著 |
| 801 | 0 | @aCN@b91MARC@c20160826 |
| 905 | @aMuseLib@dTS235.2@e293 | |
| 马铃薯主食加工技术知多少/木泰华,张苗,何海龙编著.-北京:科学出版社,2016.06 |
| 118页:图,照片;21cm.-(薯类加工科普系列丛书) |
| ISBN 978-7-03-048505-2:CNY58.00 |
| 本书对马铃薯主食加工基本原料、马铃薯馒头加工技术、马铃薯面包加工技术、马铃薯面条加工技术、马铃薯米粉加工技术、马铃薯主食“新吃法”、地方特色马铃薯美食及马铃薯主食“未来新概念”进行了详细介绍,为改善我国居民膳食营养提供了新途径,对于促进马铃薯消费具有重要推动作用。 |
| ● |
| 相关链接 |
|
|
|
|
正题名:马铃薯主食加工技术知多少
索取号:TS235.2/293
 
预约/预借
| 序号 | 登录号 | 条形码 | 馆藏地/架位号 | 状态 | 备注 |
| 1 | 1125906 | 211259065 | 第二样本阅览室/ [索取号:TS235.2/293] | 在馆 | |
| 2 | 1125907 | 211259074 | 第三借阅区/ [索取号:TS235.2/293] | 在馆 | |
| 3 | 1125908 | 211259083 | 第三借阅区/ [索取号:TS235.2/293] | 在馆 | |
| 4 | 1125909 | 211259092 | 第三借阅区/ [索取号:TS235.2/293] | 在馆 | |
| 5 | 1125910 | 211259109 | 第三借阅区/ [索取号:TS235.2/293] | 在馆 |